000 00411nam a2200157Ia 4500
008 231217s9999 xx 000 0 und d
020 _a333910168
041 _aEnglish
082 _a421 BAL;1 R
100 _aBalasubramanian, T.
245 2 _aA text book of english phonetics : for Indian students
260 _c1981
_bMac Millan
_aNew Delhi
300 _avii, 207
650 _aphonetics
942 _cAA
999 _c186715
_d186715